Employee liability support service approved (Record no. 70706)

MARC details
000 -LEADER
fixed length control field 00836cam a2200181 4500
001 - CONTROL NUMBER
control field WB3825-13
008 - FIXED-LENGTH DATA ELEMENTS--GENERAL INFORMATION
fixed length control field 020710n2002 000 0 eng u
035 ## - SYSTEM CONTROL NUMBER
System control number (Sirsi) u118769
245 ## - TITLE STATEMENT
Title Employee liability support service approved
260 ## - PUBLICATION, DISTRIBUTION, ETC.
Date of publication, distribution, etc. 2002
490 ## - SERIES STATEMENT
Series statement RICS News Service
Volume/sequential designation 1 July 2002, (1)
520 ## - SUMMARY, ETC.
Summary, etc. A majority of employed RICS members have approved new support service, which will offer advice and financial help, at a special general meeting on 1 July 2002. Service has been set up following "Merrett v Babb" case, and will benefit members facing personal liability claims. www.rics.org/ricscms/bin/show?class=News&template=/includes/shownews.html&id=2970
590 ## - LOCAL NOTE (RLIN)
Local note WB
650 ## - SUBJECT ADDED ENTRY--TOPICAL TERM
Topical term or geographic name entry element LIABILITY
650 ## - SUBJECT ADDED ENTRY--TOPICAL TERM
Topical term or geographic name entry element PERSONAL LIABILITY
690 ## - LOCAL SUBJECT ADDED ENTRY--TOPICAL TERM (OCLC, RLIN)
Topical term or geographic name as entry element MANAGEMENT-BUSINESS MANAGEMENT-PROFESSIONAL PRACTICE
942 ## - ADDED ENTRY ELEMENTS (KOHA)
Suppress in OPAC 0
Holdings
Withdrawn status Lost status Source of classification or shelving scheme Damaged status Not for loan Home library Current library Shelving location Date acquired Total Checkouts Full call number Barcode Date last seen Copy number Price effective from Koha item type
    Dewey Decimal Classification     London London News article 10/07/2002   WB3825-13 118769-1001 06/08/2019 1 06/08/2019 News article